Rural health cooperatives. (Record no. 11247)

MARC details
000 -LEADER
fixed length control field 01058cam a22002771 4500
001 - CONTROL NUMBER
control field agr50000764
003 - CONTROL NUMBER IDENTIFIER
control field DLC
005 - DATE AND TIME OF LATEST TRANSACTION
control field 20260227111014.0
008 - FIXED-LENGTH DATA ELEMENTS--GENERAL INFORMATION
fixed length control field 671201s1950 xx a 000 0 eng
010 ## - LIBRARY OF CONGRESS CONTROL NUMBER
LC control number agr50000764
035 ## - SYSTEM CONTROL NUMBER
System control number (OCoLC)14528037
040 ## - CATALOGING SOURCE
Original cataloging agency DLC
Transcribing agency DNLM
Modifying agency OCoLC
-- DLC
042 ## - AUTHENTICATION CODE
Authentication code premarc
050 00 - LIBRARY OF CONGRESS CALL NUMBER
Classification number HG2051.U5
Item number A574 no. 60
060 0# - NATIONAL LIBRARY OF MEDICINE CALL NUMBER
Classification number WA 390
Item number J73r 1950
100 1# - MAIN ENTRY--PERSONAL NAME
Personal name Johnston, Helen L.
245 10 - TITLE STATEMENT
Title Rural health cooperatives.
260 ## - PUBLICATION, DISTRIBUTION, ETC.
Place of publication, distribution, etc. Washington
Name of publisher, distributor, etc. [For sale by the Supt. of Docs., U.S. Govt. Print. Off.]
Date of publication, distribution, etc. 1950.
300 ## - PHYSICAL DESCRIPTION
Extent ix, 93 p.
Other physical details illus.
500 ## - GENERAL NOTE
General note PHS bulletin, 308.
500 ## - GENERAL NOTE
General note Joint publication of Cooperative Research and Service Division, Farm Credit Administration and Division of Medical and Hospital Resources, Public Health Service.
710 1# - ADDED ENTRY--CORPORATE NAME
Corporate name or jurisdiction name as entry element United States.
Subordinate unit Farm Credit Administration.
-- Cooperative Research and Service Division.
710 1# - ADDED ENTRY--CORPORATE NAME
Corporate name or jurisdiction name as entry element United States.
Subordinate unit Division of Medical and Hospital Resources.
810 2# - SERIES ADDED ENTRY--CORPORATE NAME
Corporate name or jurisdiction name as entry element Public health bulletin ;
Volume/sequential designation no. 308.
830 #0 - SERIES ADDED ENTRY--UNIFORM TITLE
Uniform title FCA bulletin ;
Volume/sequential designation 60.

No items available.

Powered by Koha